000
00253nam a22000977a 4500
008
230607b |||||||| |||| 00| 0 eng d
020
_a
9789391165482
100
_a
Warikoo Ankur
_9
7677
245
_a
Do Epic Shit
260
_a
New Delhi
_b
Juggernaut Books
_c
2021
999
_c
12307
_d
12307